แสดงรายละเอียดบรรณานุกรม
  กลับหน้าหลัก

Brief Record : Get Marc (ISO 2709) : E-mail record : QR code ปิดหน้าต่าง
E-books : เกี่ยวกับ Collections
LEADER 00000nam 2200000uu 4500
001    212595
003     ULIBM
008    190819s||||||||th 000 0 tha d
020    ^a9781496387134
040    ^abcnkk
041    ^aEng
060 04 ^aWY106^bA546c 2019
100 1  ^aAnderson, Elizabeth T.,^eauthor.
245 10 ^aCommunity as partner :^btheory and practice in nursing /^cElizabeth T. Anderson, Judith McFarlane.
250    ^a8th ed.
260    ^aPhiladelphia :^bWolters Kluwer,^cc2019
300    ^ax, 394 pages ;^c26 cm.
504    ^aIncludes bibliographical references and index.
650  0 ^aCommunity health nursing.
650  2 ^aCommunity Health Nursing.
650  2 ^aHealth Promotion.
650  2 ^aNurse s Role.
650  2 ^aNursing Theory.
700 0  ^aMcFarlane, Judith M.,^eauthor.
700 0  ^a
999    ^aใช้งานได้ทุกระบบ
รายการนี้ยังไม่มีแท็ก
คุณยังไม่ได้ล็อกอิน คุณสามารถมีกิจกรรมร่วมกับเว็บไซต์ได้ แต่ต้องล็อกอินก่อน ::
  ล็อกอิน
ลำดับที่ ประเภท เลขเรียก สถานที่ สถานะ
1. การพยาบาล (ตำราหลัก)
การพยาบาล (ตำราหลัก)
WY106 A546c 2019 c.1 
  
การพยาบาลชุมชน On Shelf
  ขอยืม
Note:จัดซื้อ ปีงบประมาณ 2562
   [แสดง 1/1 รายการ]

รายการใกล้เคียง
    หัวเรื่อง [Community health nursing.]
    หัวเรื่อง [Community Health Nursing.]
    หัวเรื่อง [Health Promotion.]
    หัวเรื่อง [Nursing Theory.]

BibComment


ยังไม่เคยถูกคอมเมนท์

คอมเมนท์ทรัพยากรรายการนี้
  คอมเมนท์: Community as par..
Bib 212595

 
 
 

 Union Library Management : ULibM
Copyright 2026. All Rights Reserved.
скачать бесплатно без регистрации порно красивый секс HD Sex Hindi sex

xxx gou

xxxx

bfxxx

xxxwww

Секса Видео

xxxx

Секса Видео

detube

geilexxx

C99 Shell

worms shell

blod xxx video
Ebony Coed Rihanna Rimes Takes A Dick In Her Young Twat priyaa indian fuck anal and pusssy hardcore indian women xxx desi hardcore fucking part 1 bengalixxxcouple